LIBRARY & INFORMATION CENTRE, KCAET, TAVANUR

ONLINE PUBLIC ACCESS CATALOGUE (OPAC)

Soil Mehanics: Principles and Practice (Record no. 14182)

MARC details
000 -LEADER
fixed length control field 00355nam a22001457a 4500
020 ## - INTERNATIONAL STANDARD BOOK NUMBER
ISBN 9780230579804
082 ## - DEWEY DECIMAL CLASSIFICATION NUMBER
Classification number 624.15136
Item number BAR/SO
100 ## - MAIN ENTRY--AUTHOR NAME
Personal name Barnes, Graham
245 ## - TITLE STATEMENT
Title Soil Mehanics: Principles and Practice
250 ## - EDITION STATEMENT
Edition statement 3
260 ## - PUBLICATION, DISTRIBUTION, ETC. (IMPRINT)
Place of publication New York
Name of publisher Palgrave Macmillan
Year of publication 2010
300 ## - PHYSICAL DESCRIPTION
Number of Pages 549
650 ## - SUBJECT ADDED ENTRY--TOPICAL TERM
Topical Term Soil Machanics
942 ## - ADDED ENTRY ELEMENTS (KOHA)
Koha item type Books
Holdings
Withdrawn status Lost status Damaged status Collection code Home library Current library Shelving location Date acquired Source of acquisition Cost, normal purchase price Full call number Accession Number Koha item type
        KAUAET KAUAET General Stacks 22/06/2016 Calicut Books, Calicut 3910.71 624.15136 BAR/SO 23680 Books
free website counter